[Event "?"]
[Site "19 ECC"]
[Date "2003.??.??"]
[Round "?"]
[White "Laihonen, Petteri"]
[Black "Bogdanovski, Vlatko"]
[Result "0-1"]
[WhiteElo "2260"]
[BlackElo "2445"]

1. e4 c5 2. Nf3 e6 3. d4 cxd4 4. Nxd4 a6 5. Bd3 Bc5 6. Nb3 Be7 7. O-O Qc7
8. f4 d6 9. Nc3 Nf6 10. Be3 Nc6 11. Qf3 O-O 12. g4 b5 13. g5 Nd7 14. f5 b4
15. Ne2 Nde5 16. Qg2 exf5 17. exf5 Nxd3 18. cxd3 Bb7 19. Qg3 Ne5 20. Rac1
Qd7 21. Bd4 Rfe8 22. Nd2 Bd8 23. Rf2 Nc6 24. Be3 Ne5 25. Bd4 Rc8 26. Rxc8
Qxc8 27. Ne4 Bxe4 28. dxe4 Qc2 29. g6 Qb1+ 30. Rf1 Qxe4 31. gxf7+ Kxf7 32.
Rf2 Bh4 33. Qb3+ Kf8 34. Rg2 Qb1+ 0-1

[Event "?"]
[Site "Ch Stuttgart GER"]
[Date "1998.??.??"]
[Round "?"]
[White "Forchert, Martin"]
[Black "Kekelidze, Mikheil"]
[Result "1/2-1/2"]
[WhiteElo "2300"]
[BlackElo "2405"]

1. e4 c5 2. Nf3 e6 3. d4 cxd4 4. Nxd4 a6 5. Bd3 Bc5 6. Nb3 Bb6 7. Nc3 Nc6
8. Qe2 Nge7 9. Be3 O-O 10. O-O-O a5 11. a4 d5 12. Bxb6 Qxb6 13. f4 Nb4 14.
Bb5 Rd8 15. Rd2 Nec6 16. e5 Bd7 17. Rhd1 Rac8 18. Qf2 Qxf2 19. Rxf2 b6 20.
Rfd2 Be8 21. Be2 Ne7 22. Nd4 Nbc6 23. Ndb5 Nf5 24. Bd3 Nce7 25. Re1 h5 26.
b3 d4 27. Ne2 Bxb5 28. Bxb5 Ne3 29. Nxd4 Nxg2 30. Re4 Nh4 31. Be2 g6 32.
Nf3 Rxd2 33. Nxd2 Nd5 34. Bc4 Nf5 35. Kb2 Nfe3 36. Rd4 Nf5 37. Re4 Nfe3 38.
Rd4 Nd1+ 39. Kc1 N1e3 1/2-1/2

[Event "?"]
[Site "Norresundby"]
[Date "2000.??.??"]
[Round "?"]
[White "Brinck-Claussen, Bjorn"]
[Black "Vinther-Schou, Uffe V"]
[Result "1/2-1/2"]
[WhiteElo "2340"]
[BlackElo "2365"]

1. e4 c5 2. Nf3 e6 3. d4 cxd4 4. Nxd4 a6 5. Bd3 Bc5 6. Nb3 Be7 7. Qg4 g6 8.
Nc3 d6 9. Qe2 Nc6 10. O-O Bd7 11. a4 Na5 12. Nxa5 Qxa5 13. Bd2 Qc7 14. Kh1
Bc6 15. f4 Nf6 16. f5 gxf5 17. exf5 Rg8 1/2-1/2

[Event "?"]
[Site "Glassy Stream Open, Kharkov UK"]
[Date "2004.??.??"]
[Round "5"]
[White "Ivanov, Andrey A"]
[Black "Simantsev, Mikhail"]
[Result "0-1"]
[WhiteElo "2330"]
[BlackElo "2370"]

1. e4 c5 2. Nf3 e6 3. d4 cxd4 4. Nxd4 a6 5. Bd3 Bc5 6. Nb3 Be7 7. Qg4 g6 8.
Qe2 d6 9. c4 Nd7 10. f4 Qc7 11. O-O Ngf6 12. Nc3 O-O 13. Bd2 b6 14. Rae1
Bb7 15. Kh1 Rad8 16. Nd4 Rfe8 17. Nf3 Bf8 18. Bb1 Bg7 19. Ng5 h6 20. Nf3
Rc8 21. b3 Qb8 22. Nh4 Red8 23. Rf2 Bc6 24. a4 Qc7 25. Rc1 Bb7 26. Qe1 Nb8
27. Re2 Qe7 28. Nf3 Nfd7 29. Be3 Nc6 30. Bf2 Nc5 31. Qd1 g5 32. Nd5 exd5
33. exd5 Qf6 34. fxg5 hxg5 35. dxc6 Bxc6 36. Nd4 Be4 37. Bxe4 Nxe4 38. Bg1
d5 39. Qd3 Qf4 40. Rce1 Nc5 41. Qf5 Bxd4 42. Qxf4 gxf4 43. Bxd4 dxc4 44.
Bf6 Rd6 45. Be7 Re6 46. bxc4 Nd3 47. Rxe6 fxe6 48. Rxe6 Rxc4 49. h4 Rc1+
50. Kh2 Nf2 51. g3 f3 52. Rg6+ Kh7 53. Rh6+ Kg7 54. Bf8+ Kf7 0-1

[Event "?"]
[Site "BCF Ch Torquay ENG"]
[Date "1998.??.??"]
[Round "?"]
[White "Moskovic, David M"]
[Black "Conquest, Stuart"]
[Result "1/2-1/2"]
[WhiteElo "2220"]
[BlackElo "2480"]

1. e4 c5 2. Nf3 e6 3. d4 cxd4 4. Nxd4 Qb6 5. Nc3 Bc5 6. Na4 Qa5+ 7. Nc3 Qb6
8. Na4 Qa5+ 9. Nc3 Bb4 10. Bd2 Nc6 11. Nb3 Qd8 12. f4 d5 13. e5 Nh6 14. Bd3
O-O 15. Qh5 Bd7 16. O-O-O a5 17. a3 a4 18. Na1 Bc5 19. g4 Be8 20. Qh3 b5
21. f5 Nxe5 22. f6 Qxf6 23. g5 Qf3 24. Qxf3 Nxf3 25. gxh6 Nxd2 26. hxg7
Kxg7 27. Kxd2 Rb8 28. Na2 f5 29. Nb4 f4 30. c3 Be3+ 31. Kc2 Bh5 32. Rde1
Bf3 33. Nc6 Rbc8 34. Rhf1 Bg2 35. Bxb5 d4 36. Bxa4 Bxc6 37. Bxc6 Rxc6 38.
Nb3 e5 39. Kd3 Rb6 40. Nc5 Rd8 41. Ke4 Kf6 42. Nd3 dxc3 43. bxc3 Rc6 44.
Nxe5 Re8 45. Rxf4+ Bxf4 46. Kxf4 Rc4+ 47. Nxc4 Rxe1 48. Nd2 Rh1 49. Ne4+
Kg6 50. c4 Rxh2 51. c5 h5 52. Nd6 Rc2 53. Ne4 Ra2 54. Ke5 h4 55. c6 h3 56.
c7 Rc2 57. Kd6 h2 58. Nf2 Rd2+ 59. Ke6 Re2+ 60. Kd7 Rd2+ 61. Ke6 Rc2 62.
Kd7 Rd2+ 1/2-1/2

[Event "?"]
[Site "BL2-West"]
[Date "2001.??.??"]
[Round "?"]
[White "Hommeles, Theo"]
[Black "Budde, Vladimir"]
[Result "1-0"]
[WhiteElo "2405"]
[BlackElo "2295"]

1. e4 c5 2. Nf3 e6 3. d4 cxd4 4. Nxd4 a6 5. Bd3 Bc5 6. Nb3 Be7 7. O-O d6 8.
Qg4 g6 9. Qe2 Nd7 10. a4 b6 11. c4 Ngf6 12. a5 Nc5 13. N1d2 Nxd3 14. Qxd3
Bd7 15. axb6 Qxb6 16. Nd4 O-O 17. b3 Rfd8 18. Bb2 Nh5 19. Qe3 Qc7 20. h3
Re8 21. Bc3 Bf8 22. Ra5 e5 23. Ne2 Bc6 24. Rfa1 Bb7 25. Qd3 Qc6 26. f3 Qb6+
27. Kh2 Bh6 28. Rf1 Qe3 29. Qxe3 Bxe3 30. Rd1 Bb6 31. Ra2 f5 32. Bb4 Re6
33. g4 Ng7 34. Nc3 fxg4 35. hxg4 Ne8 36. Nd5 Bd4 37. Rc2 Rc8 38. Kg3 Nf6
39. Ra2 Nd7 40. Ba3 h6 41. Rc2 Kg7 42. Rcc1 Nc5 43. b4 Nd7 44. Nb3 Ba7 45.
Na5 Ba8 46. Rd3 Ree8 47. Nc3 Bb8 48. c5 Nf6 49. cxd6 Red8 50. b5 axb5 51.
Nxb5 Rxc1 52. Bxc1 Bxe4 53. fxe4 Nxe4+ 54. Kg2 Nxd6 55. Nxd6 Rxd6 56. Rb3
Bc7 57. Rb7 Rd7 58. Nc4 Rf7 59. Bb2 Kg8 60. Ra7 e4 61. Ra8+ Rf8 62. Ra6 Bf4
63. Rxg6+ Kf7 64. Rf6+ Ke7 65. Rf5 Rc8 66. Bf6+ Ke6 67. Rxf4 Rxc4 68. Bg7
Rc2+ 69. Rf2 Rc4 70. Bxh6 e3 71. Rf4 Rc2+ 72. Kf3 Rh2 73. Re4+ Kd5 74. Bxe3
1-0

[Event "?"]
[Site "CMA Futurity"]
[Date "2003.??.??"]
[Round "?"]
[White "Krnan, Tomas"]
[Black "Cramling, Pia"]
[Result "1/2-1/2"]
[WhiteElo "2215"]
[BlackElo "2485"]

1. e4 c5 2. Nf3 e6 3. d4 cxd4 4. Nxd4 a6 5. Bd3 Bc5 6. Nb3 Be7 7. O-O d6 8.
c4 Nf6 9. Nc3 b6 10. Be3 Bb7 11. f4 Nbd7 12. Qf3 h5 13. h3 h4 14. Qf2 Rc8
15. Rad1 Qc7 16. Rfe1 Nh5 17. Nd4 Nc5 18. Bb1 Ng3 19. f5 O-O 20. Qf3 Nd7
21. b3 b5 22. Rc1 b4 23. Nce2 Ne5 24. Qf4 Nh5 25. Qf2 Nf6 26. fxe6 Nxe4 27.
Bxe4 Bxe4 28. Nf4 Qb7 29. Bd2 fxe6 30. Qe2 Bf5 31. Nfxe6 Bxe6 1/2-1/2

[Event "?"]
[Site "chT9899 HUN"]
[Date "1998.??.??"]
[Round "?"]
[White "Borocz, Istvan"]
[Black "Toth, Andras"]
[Result "1/2-1/2"]
[WhiteElo "2360"]
[BlackElo "2340"]

1. e4 c5 2. Nf3 e6 3. d4 cxd4 4. Nxd4 Qb6 5. Nc3 Bc5 6. Be3 Nc6 7. Na4 Qa5+
8. c3 Nxd4 9. Nxc5 Qxc5 10. Bxd4 Qg5 11. h4 Qg6 12. Qf3 Nf6 13. Bd3 Qg4 14.
Qxg4 Nxg4 15. Bxg7 Rg8 16. Bd4 d6 17. f3 Ne5 18. Bf1 Bd7 19. Kf2 Ke7 20.
Rd1 b5 21. Be2 a5 22. Be3 Rab8 23. Rd4 Rgc8 24. Rhd1 Rc6 25. h5 f6 26. g4
Nc4 27. Bc1 e5 28. R4d3 Be6 29. b3 Nb6 30. Ba3 Nc8 31. R1d2 b4 32. Bb2 Rb7
33. c4 Nb6 34. f4 Nd7 35. f5 Bf7 36. Rg3 Nc5 37. Bf3 a4 38. Bg2 Ra7 39. Bc1
axb3 40. axb3 Ra1 41. Rc2 Rca6 42. g5 Bxh5 43. gxf6+ Kxf6 44. Bg5+ Kf7 45.
Rh3 Bd1 46. Rd2 h5 47. Rh1 Bxb3 48. Rxh5 Bxc4 49. Rh6 Nd3+ 50. Rxd3 Bxd3
51. Bf3 d5 52. Bh5+ Kg8 53. f6 Rf1+ 54. Ke3 dxe4 55. Rg6+ Kf8 56. Rh6 Kg8
57. Rg6+ Kf8 58. Rh6 1/2-1/2

[Event "?"]
[Site "BCF Ch"]
[Date "1999.??.??"]
[Round "?"]
[White "Rudd, Jack"]
[Black "Davies, Nigel R"]
[Result "0-1"]
[WhiteElo "2185"]
[BlackElo "2515"]

1. e4 c5 2. Nf3 e6 3. d4 cxd4 4. Nxd4 a6 5. Bd3 Bc5 6. Nb3 Be7 7. O-O d6 8.
c4 Nf6 9. Nc3 O-O 10. f4 b6 11. Qf3 Bb7 12. Qh3 Nbd7 13. Be3 Qc7 14. Rac1
Rac8 15. g4 g6 16. Nd2 Rfe8 17. f5 exf5 18. exf5 d5 19. fxg6 hxg6 20. Nxd5
Bxd5 21. cxd5 Qxc1 22. Rxc1 Rxc1+ 23. Nf1 Bc5 24. Kg2 Bxe3 25. Nxe3 Re1 26.
Nf1 Nc5 27. Bc4 R1e4 28. Qc3 Rxg4+ 29. Ng3 Nce4 30. Qf3 b5 31. Bb3 Kg7 32.
Bc2 Nxg3 33. hxg3 Re5 34. Bb3 Rf5 35. Qc3 b4 36. Qd3 Nh5 37. Qd2 Nxg3 38.
Kh3 Nf1 0-1

[Event "?"]
[Site "13th Fajr Open ;The Week in Ch"]
[Date "2005.??.??"]
[Round "9"]
[White "Ardeshi, Mehrdad"]
[Black "Bistric, Faruk"]
[Result "1-0"]
[WhiteElo "2250"]
[BlackElo "2450"]

1. e4 c5 2. Nf3 e6 3. d4 cxd4 4. Nxd4 a6 5. Bd3 Bc5 6. Nb3 Be7 7. Qg4 g6 8.
Qe2 d6 9. c4 Kf8 10. Nc3 Kg7 11. O-O Nf6 12. f4 Nc6 13. Bd2 Nd7 14. Kh1 b6
15. Rae1 Bb7 16. Qe3 Bf6 17. Qh3 h5 18. e5 dxe5 19. Ne4 exf4 20. Rxf4 e5
21. Rff1 Be7 22. Qg3 Qe8 23. Re2 h4 24. Qh3 Rh5 25. Ref2 Nd8 26. Bc3 f5 27.
Ned2 Bf6 28. Be2 Rh8 29. c5 b5 30. Rxf5 gxf5 31. Rxf5 Ne6 32. Bd3 Nf4 33.
Qg4+ Ng6 34. Ne4 Bxe4 35. Bxe4 Rc8 36. c6 Nf8 37. Na5 Rc7 38. h3 Ne6 39.
Rxe5 Bxe5 40. Bxe5+ Kh6 41. Bxg6 Qxg6 42. Qxh4+ Qh5 43. Qf6+ Qg6 44. Qxh8+
Rh7 45. Qf6 Qxf6 46. Bxf6 Kg6 47. Be5 Kf5 48. Bb8 Ke4 49. Kh2 Nc7 50. g4
Kf3 51. Nb3 Ne6 52. Nd2+ Ke3 53. Nf1+ Kf2 54. Ng3 Ng5 55. Nh5 Rh6 56. Ba7+
Kf3 57. h4 Kxg4 58. c7 Rc6 59. Nf6+ Kxh4 60. Bf2# 1-0

[Event "?"]
[Site "KPMG Open Zwolle NED"]
[Date "2000.??.??"]
[Round "?"]
[White "Remmel, Tim"]
[Black "Schebler, Gerhard"]
[Result "0-1"]
[WhiteElo "2225"]
[BlackElo "2475"]

1. e4 c5 2. Nf3 e6 3. d4 cxd4 4. Nxd4 Qb6 5. Nc3 Bc5 6. Be3 Nc6 7. Ndb5
Bxe3 8. fxe3 a6 9. Nd6+ Kf8 10. Nc4 Qc7 11. Be2 Nf6 12. O-O b5 13. Qd6+
Qxd6 14. Nxd6 Ke7 15. Rad1 Ne5 16. a4 b4 17. Na2 Rb8 18. Nc1 Rb6 19. Nxc8+
Rxc8 20. Bd3 b3 21. a5 bxc2 22. axb6 cxd1=Q 23. Rxd1 Rb8 24. Bxa6 Rxb6 25.
Be2 Rxb2 26. Bf3 Rb1 27. Kf1 g5 28. h3 h5 29. Re1 g4 30. hxg4 hxg4 31. Be2
Nxe4 32. Nd3 Rxe1+ 33. Kxe1 Nxd3+ 34. Bxd3 Nc5 35. Bc2 Kf6 36. Kf2 Kg5 37.
Kg3 f5 38. Bb1 Ne4+ 39. Kh2 Nc3 40. Bc2 Nd5 41. Ba4 d6 0-1

[Event "?"]
[Site "36th Olympiad ;The Week in Che"]
[Date "2004.??.??"]
[Round "4"]
[White "Cubas, Jose Fernando"]
[Black "Pacheco, Marco"]
[Result "1-0"]
[WhiteElo "2375"]
[BlackElo "2320"]

1. e4 c5 2. Nf3 e6 3. d4 cxd4 4. Nxd4 Qb6 5. Nc3 Bc5 6. Na4 Qa5+ 7. c3 Bxd4
8. Qxd4 Nf6 9. Nc5 Nc6 10. Qd6 b6 11. Nb3 Nxe4 12. Qxc6 dxc6 13. Nxa5 bxa5
14. f3 Nf6 15. Bd2 e5 16. O-O-O Be6 17. c4 a4 18. Bc3 Nd7 19. f4 exf4 20.
Bxg7 Rg8 21. Bh6 Ne5 22. Bxf4 Nxc4 23. Bd3 O-O-O 24. g3 h5 25. Rhe1 Nd6 26.
Ba6+ Nb7 27. Rxd8+ Rxd8 28. Rd1 Rxd1+ 29. Kxd1 Bxa2 30. Be2 Bb3+ 31. Kd2
Kd7 32. Bxh5 Ke6 33. Bf3 Bd5 34. Bd1 Nc5 35. Be3 Nb3+ 36. Kc3 a5 37. Bc2 f5
38. h4 Bf3 39. Bd3 Bh5 40. Ba6 Kd7 41. Bc4 Ke7 42. Kd3 Kd6 43. Ba7 Nc5+ 44.
Ke3 Nd7 45. Kf4 Bg4 46. Bd4 c5 47. Bc3 Nb6 48. Be5+ Ke7 49. Ba2 Kd7 50. Kg5
Kc6 51. h5 Nd7 52. h6 Nxe5 53. h7 c4 54. Kf6 Nd7+ 55. Kg7 1-0

[Event "?"]
[Site "Cannes FRA"]
[Date "1993.??.??"]
[Round "?"]
[White "Lamoureux, Charles"]
[Black "Sale, Srdjan"]
[Result "1-0"]
[WhiteElo "2345"]
[BlackElo "2350"]

1. e4 c5 2. Nf3 e6 3. d4 cxd4 4. Nxd4 Bc5 5. Nc3 Qb6 6. Na4 Qa5+ 7. c3 Bxd4
8. Qxd4 Nf6 9. Nc5 Nc6 10. Qd6 b6 11. b4 Nxb4 12. Nb3 Nc2+ 13. Kd1 Nxe4 14.
Nxa5 Nxd6 15. Kxc2 bxa5 16. Ba3 Ne4 17. f3 Nf6 18. Rb1 Nd5 19. Bb5 f6 20.
Rhe1 Kf7 21. Bd6 h5 22. f4 f5 23. Be2 Ne3+ 24. Kd2 Nxg2 25. Rg1 Nh4 26. Rg3
e5 27. Bxe5 d6 28. Bc4+ Be6 29. Rb7+ Ke8 30. Bb5+ Kd8 31. Bxd6 g5 32. Rd3
a6 33. Be5+ 1-0

[Event "?"]
[Site "BL2-Nord"]
[Date "2000.??.??"]
[Round "?"]
[White "Meyer, Claus Dieter"]
[Black "Machelett, Heiko"]
[Result "0-1"]
[WhiteElo "2320"]
[BlackElo "2375"]

1. e4 c5 2. Nf3 e6 3. d4 cxd4 4. Nxd4 a6 5. Bd3 Bc5 6. Nb3 Be7 7. Nc3 d6 8.
f4 Nc6 9. O-O Nf6 10. Qe2 Qc7 11. Bd2 b5 12. a3 Nd7 13. Rae1 Bh4 14. Rc1
Bf6 15. Kh1 Bb7 16. Qh5 Nd4 17. Nxd4 Bxd4 18. Rce1 O-O 19. e5 g6 20. Qh6
dxe5 21. fxe5 Bxe5 22. Bf4 Bxf4 23. Rxf4 Nc5 24. Rf6 Qe7 25. Ref1 Nd7 26.
R6f2 f5 27. a4 b4 28. Ne2 Ne5 29. h3 Nxd3 30. cxd3 e5 31. d4 exd4 32. Nxd4
Rad8 33. Ne2 Rd6 34. Qf4 a5 35. Qc4+ Qf7 36. Qc5 Qd5 37. Qxd5+ Bxd5 38. Rc1
Rc6 39. Rff1 Rd8 40. Rcd1 Rcd6 41. Rc1 Bb3 42. Rc5 Rd5 43. Rfc1 Rxc5 44.
Rxc5 Rd5 45. Rc8+ Kf7 46. Nf4 Rd4 47. g3 Bxa4 48. Rc5 Bd7 49. Rxa5 g5 50.
Ne2 Rd2 51. Re5 Kf6 52. Re3 Bb5 0-1

[Event "?"]
[Site "BL2-Sued"]
[Date "2000.??.??"]
[Round "?"]
[White "Herbrechtsmeier, Christof"]
[Black "Gerstner, Wolfgang"]
[Result "1/2-1/2"]
[WhiteElo "2295"]
[BlackElo "2400"]

1. e4 c5 2. Nf3 e6 3. d4 cxd4 4. Nxd4 a6 5. Bd3 Bc5 6. Nb3 Be7 7. O-O d6 8.
Qg4 g6 9. Qe2 Qc7 10. Nd4 Bf6 11. Be3 Ne7 12. Nd2 d5 13. c4 e5 14. N4f3 d4
15. Bh6 b6 16. Rac1 Qd8 17. Nb3 Nbc6 18. h3 Be6 19. Ng5 Bd7 20. Qf3 Ng8 21.
Bg7 Bxg5 22. Bxh8 Bxc1 23. Nxc1 Qe7 24. Qg3 g5 25. h4 h6 26. hxg5 hxg5 27.
c5 b5 28. a4 Rb8 29. axb5 axb5 30. Bb1 f6 31. Ba2 Be6 32. Bd5 Nd8 33. Nd3
Qf7 34. Nxe5 fxe5 35. Qxe5 Rc8 36. f4 Qe7 37. b4 gxf4 38. Rxf4 Bxd5 39.
Qxd5 Ne6 40. Rg4 Nf6 41. Bxf6 Qxf6 42. Rg8+ Nf8 43. Rg5 1/2-1/2

[Event "?"]
[Site "UKR Summer Youth Games"]
[Date "2002.??.??"]
[Round "?"]
[White "Karjakin, Sergey"]
[Black "Grekh, Andrey"]
[Result "1-0"]
[WhiteElo "2460"]
[BlackElo "2235"]

1. e4 c5 2. Nf3 e6 3. d4 cxd4 4. Nxd4 a6 5. Bd3 Bc5 6. Nb3 Be7 7. O-O Qc7
8. c4 Nf6 9. Nc3 d6 10. f4 Nbd7 11. Be3 O-O 12. Rc1 b6 13. g4 Nc5 14. Nxc5
bxc5 15. g5 Nd7 16. Qg4 Re8 17. Rce1 Bf8 18. Rf3 g6 19. Rh3 Bg7 20. Qh4 Nf8
21. Nd1 Rb8 22. b3 d5 23. e5 Bb7 24. Nf2 Red8 25. Ng4 dxc4 26. Nf6+ Bxf6
27. gxf6 Qc6 28. Bf1 1-0

[Event "?"]
[Site "WJun Girls, Instanbul TUR"]
[Date "2005.??.??"]
[Round "3"]
[White "Zdebskaja, Natalia"]
[Black "Sharevich, Anna"]
[Result "0-1"]
[WhiteElo "2390"]
[BlackElo "2305"]

1. e4 c5 2. Nf3 e6 3. d4 cxd4 4. Nxd4 a6 5. Bd3 Bc5 6. Nb3 Be7 7. Qg4 g6 8.
Qe2 d6 9. O-O Nd7 10. f4 Qc7 11. c4 Ngf6 12. Bd2 O-O 13. Bc3 b6 14. e5 Ne8
15. N1d2 Bb7 16. Be4 dxe5 17. fxe5 Bxe4 18. Qxe4 Ng7 19. Kh1 Rad8 20. Rae1
Nf5 21. Nf3 Nc5 22. Nxc5 bxc5 23. g4 Nh4 24. Re3 Rd7 25. Nxh4 Bxh4 26. Ref3
Bg5 27. Qe2 Rfd8 28. Be1 Qb7 29. Kg1 Bd2 30. Bh4 g5 31. Bf2 Bf4 32. Be3 Qe4
33. Qf2 Qxe5 34. Bxf4 gxf4 35. Rxf4 Rd2 36. Qh4 R8d7 37. R4f2 Qe3 38. Qg3
Qxg3+ 39. hxg3 Rxf2 40. Rxf2 Rd4 0-1

[Event "?"]
[Site "Open MTO Biel SUI"]
[Date "1997.??.??"]
[Round "?"]
[White "Kummerow, Heiko"]
[Black "Vehi Bach, Victor M"]
[Result "0-1"]
[WhiteElo "2300"]
[BlackElo "2395"]

1. e4 c5 2. Nf3 e6 3. d4 cxd4 4. Nxd4 a6 5. Bd3 Bc5 6. Nb3 Be7 7. Nc3 d6 8.
Be3 Nf6 9. f4 Nc6 10. Qf3 Qc7 11. O-O-O Nb4 12. Kb1 b5 13. g4 Nd7 14. g5
Bb7 15. Qh3 O-O 16. Rhg1 Rfe8 17. Rg3 Rac8 18. Rc1 Qd8 19. f5 exf5 20. exf5
Nxd3 21. cxd3 Ne5 22. d4 b4 23. Ne2 Be4+ 24. Ka1 Rxc1+ 25. Bxc1 Nd7 26. Qg4
Bf8 27. Re3 Bc2 28. Nf4 Rxe3 29. Bxe3 Nb6 30. g6 Qf6 31. gxh7+ Kxh7 32. d5
Nc4 33. Nd4 Nxe3 34. Qh3+ Kg8 35. Qxe3 Bxf5 36. Nh5 Qg6 37. Nf4 Qg4 38.
Nde2 g6 39. a3 bxa3 40. Qxa3 g5 41. h3 Qh4 42. Qg3 Qxg3 43. Nxg3 Bc8 44.
Nfh5 Bxh3 45. Ne4 Be7 46. Nhf6+ Bxf6 47. Nxf6+ Kg7 0-1

[Event "?"]
[Site "Ch Vienna AUT"]
[Date "1997.??.??"]
[Round "?"]
[White "Trkulja, Zoran"]
[Black "Lau, Ralf"]
[Result "0-1"]
[WhiteElo "2195"]
[BlackElo "2495"]

1. e4 c5 2. Nf3 e6 3. d4 cxd4 4. Nxd4 a6 5. Bd3 Bc5 6. Nb3 Be7 7. Nc3 d6 8.
Be3 Nf6 9. Qe2 Nc6 10. f4 b5 11. O-O-O Qc7 12. Kb1 Bb7 13. Rhe1 O-O 14. g4
Rfe8 15. g5 Nd7 16. Qg4 Bf8 17. Nd4 Nxd4 18. Bxd4 b4 19. Ne2 e5 20. fxe5
Nxe5 21. Bxe5 Rxe5 22. Ng3 g6 23. h4 a5 24. Rf1 a4 0-1

[Event "?"]
[Site "Savaria Summer Open (3eme)"]
[Date "2003.??.??"]
[Round "?"]
[White "Kukel, I. jr"]
[Black "Martinovic, Slobodan"]
[Result "0-1"]
[WhiteElo "2250"]
[BlackElo "2440"]

1. e4 c5 2. Nf3 e6 3. d4 cxd4 4. Nxd4 a6 5. Bd3 Bc5 6. Nb3 Be7 7. O-O d6 8.
c4 Nf6 9. Nc3 b6 10. f4 Nc6 11. Qe2 O-O 12. Rf3 Qc7 13. Rh3 g6 14. g4 Re8
15. Be3 Bf8 16. Rc1 Bg7 17. g5 Nd7 18. Qf2 Rb8 19. Nd2 Ne7 20. Nf3 Nf8 21.
e5 dxe5 22. fxe5 Nf5 23. Bxf5 gxf5 24. Ne2 Ng6 25. Nf4 Bb7 26. Nxg6 fxg6
27. Bxb6 Qc6 28. Bd4 Red8 29. b3 Rd7 30. Rf1 Rbd8 31. Bc3 Bf8 32. Qh4 Bc5+
33. Kg2 Qc7 34. Rg3 Rd3 35. Ba1 Re3 36. Kh3 Re4 0-1

[Event "?"]
[Site "Open Polanica Zdroj POL"]
[Date "2001.??.??"]
[Round "?"]
[White "Grabarczyk, Bogdan"]
[Black "Anuszkiewicz, Konrad"]
[Result "0-1"]
[WhiteElo "2435"]
[BlackElo "2255"]

1. e4 c5 2. Nf3 e6 3. d4 cxd4 4. Nxd4 a6 5. Bd3 Bc5 6. Nb3 Be7 7. Nc3 Qc7
8. f4 d6 9. Qf3 Nd7 10. Bd2 Ngf6 11. g4 h6 12. O-O-O b5 13. h4 h5 14. g5
Ng4 15. g6 O-O 16. e5 Bb7 17. Be4 Bxe4 18. gxf7+ Rxf7 19. Qxe4 d5 20. Qe2
Rc8 0-1

[Event "?"]
[Site "Master Open Singapore SIN ;The"]
[Date "2004.??.??"]
[Round "2"]
[White "Negi, V"]
[Black "Yu Shaoteng"]
[Result "0-1"]
[WhiteElo "2175"]
[BlackElo "2515"]

1. e4 c5 2. Nf3 e6 3. d4 cxd4 4. Nxd4 a6 5. Bd3 Bc5 6. Nb3 Be7 7. O-O d6 8.
f4 Qc7 9. Qe2 Nd7 10. Kh1 b6 11. Be3 Bb7 12. N1d2 Ngf6 13. Bf2 O-O 14. Bh4
Rfe8 15. Bg3 g6 16. Rae1 Nh5 17. Qf2 Nxg3+ 18. Qxg3 Bf6 19. c3 b5 20. Nf3
Rac8 21. a3 Qb6 22. e5 Bg7 23. Bb1 a5 24. Ng5 b4 25. axb4 axb4 26. Nd4 bxc3
27. bxc3 Qb2 28. Rf2 Qb6 29. Ba2 Bd5 30. Bxd5 exd5 31. Qh3 Nf8 32. Ref1 h6
33. Nxf7 Kxf7 34. e6+ Nxe6 35. Nxe6 Rxe6 36. f5 Ree8 37. Qf3 Qc5 38. h4
gxf5 39. Qxf5+ Kg8 40. h5 Qxc3 41. Qxd5+ Kh8 42. Qxd6 Re1 43. Qa6 Rce8 44.
Qb5 Qg3 45. Qf5 Qh4+ 0-1

[Event "?"]
[Site "Politiken Cup"]
[Date "2002.??.??"]
[Round "?"]
[White "Christensen, Stefan"]
[Black "Kallio, Heikki"]
[Result "0-1"]
[WhiteElo "2190"]
[BlackElo "2500"]

1. e4 c5 2. Nf3 e6 3. d4 cxd4 4. Nxd4 Qb6 5. Nc3 Bc5 6. Na4 Qa5+ 7. Nc3 Bb4
8. Bd2 Nc6 9. Nb3 Qd8 10. Nb5 Be7 11. Bc3 Nf6 12. e5 Nd5 13. Bd4 O-O 14. c4
Nf4 15. g3 Ng6 16. f4 a5 17. Bc3 f6 18. exf6 Bxf6 19. Bxf6 Qxf6 20. Qd2 a4
21. N3d4 a3 22. b3 e5 23. fxe5 Ngxe5 24. Be2 Qf2+ 25. Kd1 d6 26. Kc2 Bh3
27. Rad1 d5 28. cxd5 Bf5+ 29. Nxf5 Qxf5+ 30. Kc1 Na5 31. d6 Nf7 32. d7 Rfd8
33. Rhf1 Qe5 34. Nc3 Rxd7 35. Qc2 Rc7 36. Rf3 b5 37. Bxb5 Rac8 38. Bc4 Nxc4
39. bxc4 Rxc4 40. Kd2 Rxc3 41. Qxc3 Rxc3 42. Rxc3 h5 43. Kc2 Nd6 44. Rxa3
Qe2+ 45. Rd2 Qe4+ 46. Kc1 Nc4 47. Rd8+ Kh7 48. Raa8 Qh1+ 49. Kc2 Qxh2+ 50.
Kc3 Ne5 51. Rh8+ Kg6 52. Ra6+ Kg5 53. Ra5 Qxg3+ 54. Kb4 Qe1+ 55. Ka4 Kg4
0-1

[Event "?"]
[Site "Open Novorossijsk"]
[Date "1996.??.??"]
[Round "?"]
[White "Stambulian, Arsen"]
[Black "Galkin, Alexander"]
[Result "1-0"]
[WhiteElo "2270"]
[BlackElo "2420"]

1. e4 c5 2. Nf3 e6 3. d4 cxd4 4. Nxd4 a6 5. Bd3 Bc5 6. Nb3 Be7 7. O-O Nc6
8. f4 d6 9. Qf3 Nf6 10. a4 Nb4 11. Be3 b6 12. e5 Nfd5 13. Bd4 Nxd3 14. Qxd3
dxe5 15. fxe5 O-O 16. c3 Bb7 17. N1d2 f5 18. exf6 gxf6 19. Nf3 e5 20. Nxe5
fxe5 21. Qg3+ Kh8 22. Qxe5+ Bf6 23. Rxf6 Nxf6 24. Rf1 Qd5 25. Qg3 Rae8 26.
Rxf6 Qxd4+ 27. Nxd4 Rxf6 28. Qh4 Rf7 29. h3 Rg8 30. g4 Rgf8 31. Qe1 Bc8 32.
Kg2 Kg8 33. Kg3 h5 34. Qe5 hxg4 35. hxg4 Rf6 36. Qd5+ Kh7 37. g5 Rg6 38.
Qe5 Rf7 39. Nf3 Bf5 40. Qf4 Be6 41. Qh4+ Kg8 42. Ne5 Rxg5+ 43. Qxg5+ Rg7
44. Ng6 Bf7 45. Qd8+ Kh7 46. Qh8+ Kxg6 47. Kf4 Bb3 48. Qc8 Rf7+ 49. Ke5 a5
50. Qc6+ Kg5 51. Qxb6 Rf5+ 52. Ke4 Bc2+ 53. Ke3 Bxa4 54. b3 1-0

[Event "?"]
[Site "Lost Boys Open"]
[Date "2000.??.??"]
[Round "?"]
[White "Roebers, JS"]
[Black "Bosboom, Manuel"]
[Result "0-1"]
[WhiteElo "2235"]
[BlackElo "2455"]

1. e4 c5 2. Nf3 e6 3. d4 cxd4 4. Nxd4 a6 5. Bd3 Bc5 6. Nb3 Be7 7. O-O d6 8.
Qg4 g6 9. Qe2 Nd7 10. f4 Ngf6 11. c4 O-O 12. Nc3 b6 13. Be3 Re8 14. Rad1
Qc7 15. Kh1 Bb7 16. Rc1 Bf8 17. Bd4 Rad8 18. Qe1 Nh5 19. Be2 Nhf6 20. Bd3
Be7 21. Rf3 Qb8 22. Rh3 Qa8 23. Kg1 Nc5 24. Nxc5 bxc5 25. Bf2 d5 26. e5 Ng4
27. Bh4 h5 28. Bxe7 Rxe7 29. Qh4 Kf8 30. Rg3 dxc4 31. Bf1 Nh6 32. Qf6 Ng8
33. Qg5 Rd4 34. Be2 Be4 35. Bxh5 Bf5 36. Bg4 Qd8 37. Bxf5 exf5 38. Re3 Rd3
39. Rce1 Qd4 40. Qg3 Rxe5 41. fxe5 f4 42. Qf3 Rxe3 43. Rxe3 fxe3 44. Qe2
Ne7 45. e6 f5 46. g3 Kg7 47. Kg2 Kh6 48. Qf3 Qd2+ 49. Qe2 Qd4 50. Qf3 g5
51. h3 Kg6 52. g4 f4 53. h4 Qe5 54. Ne2 Nd5 55. hxg5 Kxg5 56. Qh3 Qe4+ 57.
Kh2 Nf6 58. e7 Nxg4+ 59. Kg1 f3 60. Ng3 f2+ 61. Kf1 e2+ 62. Nxe2 Qb1+ 0-1

[Event "?"]
[Site "Open Naantali"]
[Date "1996.??.??"]
[Round "?"]
[White "Holmsten, Aleksei"]
[Black "Kiik, Kalle"]
[Result "0-1"]
[WhiteElo "2305"]
[BlackElo "2385"]

1. e4 c5 2. Nf3 e6 3. d4 cxd4 4. Nxd4 Qb6 5. Nc3 Bc5 6. Be3 Nc6 7. Ndb5
Bxe3 8. fxe3 Qxe3+ 9. Be2 Kf8 10. Qd6+ Nge7 11. Rf1 a6 12. Nc7 Rb8 13. Rd1
Kg8 14. Rd3 Qc1+ 15. Bd1 Ng6 16. Rdf3 Nge5 17. Ne8 Qh6 18. Rh3 Qg5 19. Rg3
Qe7 20. Nxg7 Qxd6 21. Nf5+ Kf8 22. Nxd6 Ke7 23. Nxf7 Nxf7 24. Rg7 Ne5 25.
Bh5 Rf8 26. Rxh7 b5 27. g4 Bb7 28. g5 Rh8 29. Rfxf7+ Nxf7 30. Rxf7+ Kd6 31.
Be2 Rxh2 32. g6 Rg2 33. g7 Rg8 34. Bf3 R2xg7 35. e5+ Kc7 36. Rxg7 Rxg7 37.
Bxb7 Kxb7 38. Ne4 Rg2 0-1

[Event "?"]
[Site "Lidums Australian Open ;The We"]
[Date "2005.??.??"]
[Round "6"]
[White "Humphrey, J"]
[Black "Kengis, Edvins"]
[Result "0-1"]
[WhiteElo "2150"]
[BlackElo "2540"]

1. e4 c5 2. Nf3 e6 3. d4 cxd4 4. Nxd4 a6 5. Bd3 Bc5 6. Nb3 Be7 7. O-O d6 8.
c4 Nf6 9. Nc3 b6 10. f4 Nbd7 11. Qe2 Bb7 12. Bd2 O-O 13. Rae1 Rc8 14. g4 e5
15. f5 h6 16. Nd5 b5 17. Ba5 Qe8 18. Nc7 Rxc7 19. Bxc7 bxc4 20. Bxc4 Qc8
21. Rc1 Qa8 22. Nd2 Nxe4 23. Nxe4 Bxe4 24. h3 d5 25. Bd3 Qa7+ 26. Kh2 Bxd3
27. Qxd3 Nc5 28. Rxc5 Qxc5 29. Bxe5 Re8 30. Kg2 Bh4 31. Bd4 Qd6 32. Rf3 Qc6
33. a3 Re4 34. Re3 Qb7 35. Kf3 Qc7 36. Kg2 Rxe3 37. Qxe3 Qc2+ 38. Kh1 Kh7
39. Qe5 Qd1+ 40. Bg1 Qf3+ 41. Kh2 Bg5 0-1

[Event "?"]
[Site "3rd ACT, Amsterdam NED"]
[Date "2006.??.??"]
[Round "5"]
[White "Tan, Mat"]
[Black "Blees, Albert"]
[Result "1/2-1/2"]
[WhiteElo "2285"]
[BlackElo "2400"]

1. e4 c5 2. Nf3 e6 3. d4 cxd4 4. Nxd4 a6 5. Bd3 Bc5 6. Nb3 Be7 7. Qg4 Nf6
8. Qg3 Nc6 9. O-O d6 10. Nc3 Ne5 11. Kh1 Nh5 12. Qh3 Nf6 13. Qg3 Nh5 14.
Qh3 Nf6 15. Qg3 1/2-1/2